Vplyv zloženia na vlastnosti tavenín zmesí PLA/PHB

Saved in:
Bibliographic Details
Main Author: Veselý, Martin (Author)
Other Authors: Alexy, Pavel (Thesis advisor)
Format: Manuscript Book
Language:Slovak
Published: 2015
Subjects:
Online Access:http://is.stuba.sk/zp/portal_zp.pl?podrobnosti=101769
Tags: Add Tag
No Tags, Be the first to tag this record!

MARC

LEADER 00000ntm a22000003a 4500
001 stuzp51725
003 SK-STU
005 20160719153939.8
007 ta
008 150427s2015----xo-----f-mn---000-0-slo-d
040 |a STU  |b slo 
041 0 |a slo 
100 1 |a Veselý, Martin  |u 049370  |4 aut  |U FCHPT Ústav prírodných a syntetických polymérov  |T FCHPT Oddelenie plastov a kaučuku  |X 61208  |U C9370  |Y 128  |7 61208 
242 0 1 |a The Influence of Content on Properties of Melt of Blends PLA/PHB  |y eng 
245 1 0 |a Vplyv zloženia na vlastnosti tavenín zmesí PLA/PHB 
260 |c 2015 
650 4 |a kyselina polymliečna  |2 slo 
650 4 |a polyhydroxybutyrát  |2 slo 
650 4 |a DSC  |2 slo 
650 4 |a reológia  |2 slo 
650 4 |a pevnosť a ťažnosť taveniny  |2 slo 
650 4 |a polylactic acid  |2 eng 
650 4 |a polyhydroxybutyrate  |2 eng 
650 4 |a DSC  |2 eng 
650 4 |a rheology  |2 eng 
650 4 |a tensile strength and elongation of melt  |2 eng 
700 1 |a Alexy, Pavel  |4 ths  |X 3899  |7 A000003899 
856 4 |u http://is.stuba.sk/zp/portal_zp.pl?podrobnosti=101769 
SQL |a stuzp51725  |b DBP  |c SLO  |d Vplyv zloženia na vlastnosti tavenín zmesí PLA/PHB  |e 61208  |f Veselý, Martin  |g 049370  |h 3899  |i Alexy, Pavel  |j 20150714  |k 753  |l 04  |m http://is.stuba.sk/zp/portal_zp.pl?podrobnosti=101769  |n B-CHEMAT  |o 4.1.14. chémia, 5.2.18. chemické technológie